Govt. of
Madhya Pradesh

चैतन्‍य गुरू गोरखनाथ और नाथ सिद्ध परंपरा (Record no. 68286)

MARC details
000 -LEADER
fixed length control field 00430nam a22001097a 4500
082 ## - DEWEY DECIMAL CLASSIFICATION NUMBER
Classification number 294
100 ## - MAIN ENTRY--AUTHOR NAME
Personal name सालगावकर,जयराज जयंत
245 ## - TITLE STATEMENT
Title चैतन्‍य गुरू गोरखनाथ और नाथ सिद्ध परंपरा
260 ## - PUBLICATION, DISTRIBUTION, ETC. (IMPRINT)
Place of publication नयी दिल्‍ली
Name of publisher कौटिल्‍य बुक्‍स
Year of publication 2025
650 ## - SUBJECT ADDED ENTRY--TOPICAL TERM
Topical Term धर्म
942 ## - ADDED ENTRY ELEMENTS (KOHA)
Koha item type Hindi Books
Holdings
Withdrawn status Lost status Damaged status Not for loan Home library Current library Date acquired Cost, normal purchase price Full call number Accession Number Price effective from Koha item type
        MACL MACL 22/10/2025 350.00 294 DPI003948 22/10/2025 Hindi Books